000 01740nam0a22003011 4500
001 v19\rc\1501497
005 20260406090105.0
035 _a(NLR Aleph) 005232750
090 _a5622759
_c5622758
100 _a20060620d1882 |||y0rusy50 ca
101 0 _arus
102 _aRU
105 _aa z |||||
200 1 _aИстория развития тутового шелкопряда (Bombyx mori L.) в яйце
210 _aМосква
_cтип. А.А. Карцева
_d1882
215 _aVIII, IV, 80 с., 3 л. цв. ил.
_cил.
_d37
225 1 _aИзвестия Императорского Общества любителей естествознания, антропологии и этнографии, состоящего при Императорском Московском университете
_iТруды Лаборатории при Зоологическом музее Московского университета, изд. под редакцией А.П. Богданова
_vТ. 1. Вып. 4
_vТ. 32, вып. 4
300 _aПеред загл. авт.: А. Тихомиров
320 _aБиблиогр.: "Список цитированных сочинений" (стр. I-II)
532 1 3 _aИстория развития тутового шелкопряда Bombyx mori L. в яйце
700 1 _8rus
_7ca
_aТихомиров
_bА. А.
_cд-р зоологии, госчиновник
_f1850-1931
_gАлександр Андреевич
_3RU\NLR\AUTH\7756906
_939838
801 2 _aRU
_bNLR
_c20071010
_2rusmarc
801 0 _aRU
_bNLR
_c20060620
_gpsbo
801 1 _aRU
_bProSoft-M
_c20060620
_2rusmarc
852 _aNLR
_jП8/181(т. 32, вып. 4)
942 _cBOOK
980 _aNB